Loading...
| Thought - Philosophy | 1 | 4 | 1 | 1 | 50 | 70 | 102.20 | 0 | 2 |
| Arts - Other Arts | 2 | 2 | 0 | 0 | 50 | 19 | 61.75 | 2 | 4 |
| Literature - Euro Lit | 2 | 2 | 0 | 1 | 50 | 48 | 70.75 | 0 | 4 |
| Other - Pop Culture | 2 | 2 | 0 | 0 | 50 | 64 | 95.75 | 0 | 4 |
| Literature - American Lit | 2 | 2 | 1 | 0 | 45 | 35 | 83.75 | 2 | 4 |
| Arts - Music | 1 | 2 | 1 | 0 | 30 | 56 | 89.33 | 1 | 2 |
| Other - Geo/CE | 2 | 0 | 0 | 0 | 30 | 37 | 44.00 | 1 | 2 |
| Thought - Social Science | 1 | 1 | 0 | 0 | 25 | 44 | 66.00 | 0 | 2 |
| Literature - World Lit | 1 | 1 | 0 | 0 | 25 | 60 | 80.00 | 1 | 1 |
| Other - Other Academic | 1 | 1 | 0 | 0 | 25 | 54 | 73.00 | 1 | 2 |
| Science - Physics | 0 | 2 | 0 | 0 | 20 | 93 | 98.50 | 0 | 2 |
| Literature - British Lit | 0 | 2 | 0 | 0 | 20 | 87 | 112.00 | 0 | 1 |
| History - Other History | 0 | 2 | 0 | 0 | 20 | 94 | 101.00 | 0 | 2 |
| History - World History | 1 | 0 | 1 | 0 | 10 | 60 | 60.00 | 1 | 1 |
| Beliefs - Religion | 0 | 1 | 0 | 0 | 10 | 77 | 77.00 | 0 | 1 |
| Science - Other Science | 0 | 1 | 1 | 0 | 5 | 125 | 125.00 | 0 | 1 |
| Science - Chemistry | 0 | 1 | 1 | 0 | 5 | 118 | 118.00 | 0 | 0 |
| Science - Engineering | 0 | 1 | 1 | 0 | 5 | 96 | 96.00 | 0 | 1 |
| Beliefs - Mythology | 0 | 0 | 1 | 0 | -5 | 0.00 | 0 | 0 |